000 02194nam0a2200373 4500
001 RU\NLR\bibl\1028519
005 20260405183804.0
010 _a5-699-18584-4
_97000
021 _aRU
_b2006-74832
_93784
035 _a(nilc)RSL-KNO-002969756
035 _a(NLR Aleph) 001016006
090 _a668428
_c668428
100 _a20061116d2006 |||y0rusy50 ca
101 1 _arus
_ceng
102 _aRU
105 _aa z |||||
106 _ar
200 1 _aБожество 12-й планеты
_e[кому поклонялись боги. Новые сенсации от знаменитого исследователя]
_fЗахария Ситчин
_g[пер. с англ. Юрия Гольдберга]
210 _aМосква
_cЭксмо
_d2006
215 _a398,[1] с.
_cил.
_d22
225 1 _aХроники человечества
225 1 _aНа стыке истории, теософии и уфологии
320 _aДр. работы авт.: с. 2
606 1 _aДревние цивилизации
_xИстория
_xОригинальные теории
_92137903
_3RU\NLR\auth\661288926
610 0 _aИстория. Исторические науки -- Теоретические основы и методология исторической науки -- Домарксистские и немарксистские теории и методология исторической науки и их критика -- Специфика исторического познания (гносеологические проблемы исторического исследования) -- Паранаучные проблемы исторической науки. "Загадки истории" -- Проблема влияния внеземных цивилизаций на исторический процесс
686 _aТ089.9,0
_2rubbk
686 _aТ3(0)3,02
700 1 _4570
_7ca
_8rus
_aСитчин
_bЗ.
_f1922-2010
_gЗахария
_963279
_3RU\NLR\AUTH\7780351
801 0 _aRU
_bРКП
_c20061116
_grcr
801 1 _aRU
_bРГБ
_c20061116
801 2 _aRU
_bNLR
_c20070109
_grcr
942 _cBOOK
980 _aNB